Strange heaven : (رقم التسجيلة. 117927)

تفاصيل مارك
000 -LEADER
fixed length control field 01935cam a22003014a 4500
008 - FIXED-LENGTH DATA ELEMENTS--GENERAL INFORMATION
fixed length control field 060407s2006 maua b 001 0 eng
010 ## - LIBRARY OF CONGRESS CONTROL NUMBER
LC control number 2006011943
020 ## - INTERNATIONAL STANDARD BOOK NUMBER
International Standard Book Number 155725432X
020 ## - INTERNATIONAL STANDARD BOOK NUMBER
International Standard Book Number 9781557254320
040 ## - CATALOGING SOURCE
Original cataloging agency DLC
Transcribing agency DLC
Modifying agency BAKER
-- C#P
-- YDXCP
-- VP@
-- BTCTA
-- DLC
050 00 - LIBRARY OF CONGRESS CALL NUMBER
Classification number BT603
Item number .S94 2006
082 00 - DEWEY DECIMAL CLASSIFICATION NUMBER
Classification number 232.91
Edition number 22
092 04 - LOCALLY ASSIGNED DEWEY CALL NUMBER (OCLC)
Classification number 273.291
Item number S9744
Edition number 21
099 ## - LOCAL FREE-TEXT CALL NUMBER (OCLC)
Classification number 04
-- 273.291 S9744
100 1# - MAIN ENTRY--PERSONAL NAME
Personal name Sweeney, Jon M.,
Dates associated with a name 1967-
245 10 - TITLE STATEMENT
Title Strange heaven :
Remainder of title the Virgin Mary as woman, mother, disciple, and advocate /
Statement of responsibility, etc. Jon M. Sweeney.
260 ## - PUBLICATION, DISTRIBUTION, ETC.
Place of publication, distribution, etc. Brewster, Mass. :
Name of publisher, distributor, etc. Paraclete Press,
Date of publication, distribution, etc. c2006.
300 ## - PHYSICAL DESCRIPTION
Extent ix, 233 p. :
Other physical details ill. ;
Dimensions 21 cm.
504 ## - BIBLIOGRAPHY, ETC. NOTE
Bibliography, etc. note Includes bibliographical references and index.
505 0# - FORMATTED CONTENTS NOTE
Formatted contents note Introduction: imagining Mary -- Why a virgin? -- A legend foretold by the Hebrew Prophets -- Was Mary the first disciple? (the Gospels) -- Mary and the Apostle Paul (why is he silent?) -- Mary in the non-canonical Gospels -- Mystical glosses that further added to the myth -- Appearing now in a field near you (apparitions and visions) -- Praying by hand (the rosary) -- "Hail Mary, full of grace" (and other evolved spiritual practices) -- Thousands of our ladies (feasts and titles) -- The gate of heaven (difficult dogma) -- Theotokos (divine motherhood) -- Immaculate Conception (removing the taint of sex) -- The Assumption of Our Lady (resolving spirit and matter) -- Co-redeemer with Christ (the chicken before the egg) -- Mary's milk of grace -- Unfortunate teachings of Bernard of Clairvaux and others -- Martin Luther's love for the Virgin -- The feminine face of God -- Strange heaven.
600 00 - SUBJECT ADDED ENTRY--PERSONAL NAME
Personal name Mary,
Titles and other words associated with a name Blessed Virgin, Saint.
856 41 - ELECTRONIC LOCATION AND ACCESS
Materials specified Table of contents
Uniform Resource Identifier <a href="http://www.loc.gov/catdir/toc/ecip0612/2006011943.html">http://www.loc.gov/catdir/toc/ecip0612/2006011943.html</a>
902 ## - LOCAL DATA ELEMENT B, LDB (RLIN)
No. of Items 1
905 ## - LOCAL DATA ELEMENT E, LDE (RLIN)
Cataloger Eman
Reviser Rev.
905 ## - LOCAL DATA ELEMENT E, LDE (RLIN)
Cataloger Jihan
Reviser Cat.
942 ## - ADDED ENTRY ELEMENTS (KOHA)
Source of classification or shelving scheme Dewey Decimal Classification
Koha item type Books
المقتنيات
Source of classification or shelving scheme Not for loan Home library Current library Date acquired Full call number Barcode Date last seen Copy number Koha item type
Dewey Decimal Classification   المكتبة المركزبة الجديدة - جامعة القاهرة قاعة الكتب - الدور الثاني 11.02.2024 273.291 S9744 01000110192172000 23.09.2023 C.1 Books
Cairo University Libraries Portal Implemented & Customized by: Eng. M. Mohamady Contacts: new-lib@cl.cu.edu.eg | cnul@cl.cu.edu.eg
CUCL logo CNUL logo
© All rights reserved — Cairo University Libraries
CUCL logo
Implemented & Customized by: Eng. M. Mohamady Contact: new-lib@cl.cu.edu.eg © All rights reserved — New Central Library
CNUL logo
Implemented & Customized by: Eng. M. Mohamady Contact: cnul@cl.cu.edu.eg © All rights reserved — Cairo National University Library